A first dynamics, (Record no. 544275)
[ view plain ]
| 000 -LEADER | |
|---|---|
| fixed length control field | 00584cam a2200169I 4500 |
| 082 ## - DEWEY DECIMAL CLASSIFICATION NUMBER | |
| Classification number | 531.3 |
| Author Mark | JAC |
| 100 1# - MAIN ENTRY--PERSONAL NAME | |
| Personal name | Jackson, Charles Samuel. |
| 9 (RLIN) | 39859 |
| 245 12 - TITLE STATEMENT | |
| Title | A first dynamics, |
| Statement of responsibility, etc. | by C.S. Jackson and W.M. Roberts. |
| 260 ## - PUBLICATION, DISTRIBUTION, ETC. | |
| Place of publication, distribution, etc. | London, |
| Name of publisher, distributor, etc. | J.M. Dent & Co., |
| Date of publication, distribution, etc. | 1909. |
| 300 ## - PHYSICAL DESCRIPTION | |
| Extent | viii, 412 p. |
| Other physical details | incl. illus., diagrs. |
| Dimensions | 18 cm. |
| 490 1# - SERIES STATEMENT | |
| Series statement | Dent's mathematical & scientific text books for schools, ed. by W.J. Greenstreet |
| 526 ## - STUDY PROGRAM INFORMATION NOTE | |
| Program name | 0 |
| Interest level | 0 |
| Reading level | 0 |
| Title point value | 531_300000000000000_JAC |
| 650 #0 - SUBJECT ADDED ENTRY--TOPICAL TERM | |
| Topical term or geographic name entry element | Dynamics. |
| 9 (RLIN) | 7202 |
| 650 #0 - SUBJECT ADDED ENTRY--TOPICAL TERM | |
| Topical term or geographic name entry element | MCE |
| 9 (RLIN) | 379 |
| 700 1# - ADDED ENTRY--PERSONAL NAME | |
| Personal name | Roberts, Walter Meakin. |
| 9 (RLIN) | 39860 |
| 942 ## - ADDED ENTRY ELEMENTS (KOHA) | |
| Source of classification or shelving scheme | |
| Koha item type | Book |
| Withdrawn status | Lost status | Source of classification or shelving scheme | Damaged status | Not for loan | Permanent Location | Current Location | Date acquired | Total Checkouts | Full call number | Barcode | Date last seen | Price effective from | Koha item type |
|---|---|---|---|---|---|---|---|---|---|---|---|---|---|
| Military College of Engineering (MCE) | Military College of Engineering (MCE) | 04/16/2014 | 531.3 JAC | MCE-40270 | 04/16/2014 | 04/16/2014 | Book |
